000 00548nam a22001577a 4500
999 _c534082
_d534082
020 _qHard Cover.
082 _a616
100 _aJamil, Anum
245 _aTherapeutic effects of ibuprofen on neurodegeneraton and inflammation in AICI3-induced mouse model of Alzheimer's disease /
_cAnum Jamil.
260 _aIslamabad :
_bASAB - NUST,
_c2013.
300 _c30cm.
942 _2ddc
_cTHE
650 _aVirology and immunology M. Phil. Thesis
_927612
700 _aDr. Touqeer Ahmed.
_919326